|
|
|
|
| LEADER |
00000csb a2200000 a 4500 |
| 003 |
Ucuenca |
| 005 |
20230531080822.0 |
| 008 |
013041| ||||||||r|||||||||||spa|| |
| 022 |
|
|
|a 1390-3837
|
| 040 |
|
|
|b spa
|
| 041 |
0 |
|
|a spa
|
| 082 |
0 |
|
|a 378.05
|b U48u
|
| 100 |
1 |
|
|a Dupret, Marie Astrid.
|9 125590
|
| 245 |
|
|
|a Violencia familiar contra los niños: respuestas institucionales
|c Marie Astrid Dupret
|h imp
|
| 264 |
|
|
|a Cuenca
|b Universidad Politécnica Salesiana
|c Enero-junio del 2012
|
| 300 |
|
|
|a páginas: 17-51
|c 24 cm
|
| 362 |
|
|
|a Año X, no. 16 (enero-junio 2012)
|
| 504 |
|
|
|a incl. ref.
|
| 650 |
|
|
|a Violencia familiar
|9 52593
|
| 650 |
|
|
|a Niños
|9 9400
|
| 650 |
|
|
|a Maltrato
|9 64825
|
| 650 |
|
|
|a Revista universitas
|9 191916
|
| 653 |
|
|
|a VIOLENCIA FAMILIAR
|
| 852 |
|
|
|a UC-CDJBV
|f Donación
|l 1
|m General
|p 20130416
|q 1.00
|r 2
|b 0
|d CDRC
|e CDRC
|g 378.05 U48u TERCER PISO (SECCION REVISTAS)
|z 2013-30-41
|
| 942 |
|
|
|c SERA
|
| 773 |
0 |
|
|0 146416
|9 120519
|a Universidad Politécnica Salesiana
|d Quito Universidad Politécnica Salesiana enero-junio de 2012
|o 122928
|t Universitas. Revista de Ciencias Sociales y Humanas
|x 1390-3837
|
| 999 |
|
|
|c 110432
|d 110432
|